Statistics for Greek Perfectural Capitals

Click here to take the quiz!

General Stats

  • This quiz has been taken 3 times
  • The average score is 45 of 51

Answer Stats

Answer% Correct
Agios Nikolaos
100%
Alexandroupoli
100%
Arta
100%
Athens
100%
Chalcis
100%
Chania
100%
Corfu
100%
Corinth
100%
Drama
100%
Edessa
100%
Ermoupoli
100%
Grevena
100%
Heraklion
100%
Igoumenitsa
100%
Ioannina
100%
Katerini
100%
Kavala
100%
Komotini
100%
Kozani
100%
Larisa
100%
Lefkada
100%
Livadeia
100%
Mytilene
100%
Patra
100%
Polygyros
100%
Preveza
100%
Rodos
100%
Samos
100%
Serres
100%
Sparti
100%
Thessaloniki
100%
Trikala
100%
Tripoli
100%
Veroia
100%
Volos
100%
Xanthi
100%
Agrinio
67%
Amfissa
67%
Argostoli
67%
Chios
67%
Kalamata
67%
Karditsa
67%
Kilkis
67%
Lamia
67%
Nafplio
67%
Pyrgos
67%
Rethymno
67%
Zakynthos
67%
Florina
33%
Karpenisi
33%
Kastoria
33%

Score Distribution

Percentile by Number Answered

Percent of People with Each Score

Your Score History

You have not taken this quiz